| 000 | 00435cam a22001454a 4500 | ||
|---|---|---|---|
| 040 | _cDLC | ||
| 082 | 0 | 0 | _a305 MAY 2001 A089 Or. |
| 100 | 1 | _aCobb, Nancy J. | |
| 245 | 1 | 4 |
_aThe child : _binfants, children, and adolescents / |
| 260 |
_aMountain View, Calif. : _bMayfield Pub. Co., _cc2001. |
||
| 300 |
_a1 v. (various pagings) : _bill. (some col.) ; _c29 cm. |
||
| 650 | 0 | _aChild psychology. | |
| 650 | 0 | _aChild development. | |
| 942 | _cEK | ||
| 999 |
_c16430 _d16430 |
||